Personnage Fast and Furious par images - Statistiques

Statistiques générales
  • Ce quiz a été pris 629 fois
  • Le résultat moyen est 14 sur 56
Statistiques - réponses
Par images Réponse % Correct
Dominic Toretto
99%
Mia Toretto
90%
Brian O'Conner
89%
Leticia Ortiz
86%
Roman Pearce
76%
Han Lue
70%
Tej Parker
69%
Luke Hobbs
67%
Deckard Shaw
60%
Elena Neves
51%
Gisele Yashar
50%
Owen Shaw
50%
Jakob Toretto
48%
Brian Marcos Toretto
42%
Vince
42%
Megan Ramsey
35%
Cipher
33%
Mr.Personne
28%
Magdalene Shaw
22%
Sean Boswell
20%
Hernan Reyes
19%
Arturo Braga
18%
Hector
17%
Takashi Kamata
17%
Dante Reyes
16%
Jesse
14%
Hattie Shaw
13%
Isabel Neves
13%
Monica Fuentes
13%
Abuelita Toretto
12%
Johnny Tran
12%
Tess Personne
12%
Petit Personne
11%
Neela
10%
Rico Santos
10%
Tego Leo
10%
Leon
9%
Connor Rhodes
6%
Twinkie
6%
Fenix Calderon
5%
Safar
4%
Dwight
3%
Jack Toretto
3%
Morimoto
2%
Oncle Kamata
2%
Buddy
1%
Cara Mirtha
1%
Diogo
1%
Earl
1%
Elle
1%
Leysa
1%
L'hôtesse de l'air
1%
Otto
1%
Reiko
1%
Agent Riley Hicks
0%
Lieutenant Sue
0%
Aucun quiz correspondant
Distribution des résultats
% des personnes avec chaque résultat
Percentile par nombre de réponses
Votre historique - résultats
Vous n’avez pas pris ce quiz